Far Eastern Cities by clue - Statistics

General Stats
  • This quiz has been taken 32 times
  • The average score is 18 of 20
Answer Stats
Starting
Letter
Hint Answer % Correct
B Krung Thep, Chao Phraya, Wat Arun Bangkok
100%
H Cha Chaan Teng, Bruce Lee, Kowloon Hong Kong
100%
K Fushimi-Inari Taisha, Nintendo, The Golden pavilion Kyoto
100%
S Pudong, Huang Pu River, Oriental Pearl Tower Shanghai
100%
S Marina Bay Sands, Merlion, Gardens by the Bay Singapore
100%
T Sakura, Shibuya, Tokyo Skytree Tokyo
100%
B Haeundae Beach, Gimhae Airport, 5th Busiest Port Busan
89%
J Merdeka Square, Big Durian, Sunda Kelapa Jakarta
89%
T Chiang Kai-shek, Taipei 101, Ximending Taipei
89%
B Tiananmen, CCTV HQ, Birds Eye Beijing
88%
C Panda, Golden Sun Bird, Jinjiang Chengdu
88%
P Ryugyong Hotel, Rungrado Stadium, Juché Tower Pyongyang
88%
U Genghis Khan, The Hu, Red Hero Ulan Bator
88%
V Pacific Port, Trans Siberian Railway, Russky Bridge Vladivostok
83%
X Terracotta Army, Paomo, Wild Goose Pagoda Xi'an
78%
M Casino Lisboa, Grand Prix Lusophonia Macau
71%
S Winter Olympics, Snow Festival, Hokkaido Sapporo
67%
Y Shwedagon Pagoda, Inya Lake, Mohinga Yangon
67%
H Ice and Snow Festival, Manchuria Saint Sophia Cathedral Harbin
56%
I Angara River, Boris Volynov, Lake Baikal Irkutsk
56%
M Pearl of the Orient, Binondo, Divisoria Manila
56%
H Little Boy, Ota River, Chugoku Hiroshima
44%
No matching quizzes found
Score Distribution
Percent of People with Each Score
Percentile by Number Answered
Your Score History
You have not taken this quiz